000 01041nam a2200361 a 4500
003 AR-BaBNM
005 20251128203859.0
008 082120s2002 ||||||||||||||000 | spa||
040 _cAR-BaBNM
100 1 _aGrambs, Jean D.
245 0 0 _aModerna metodología educativa
260 _aBuenos Aires
_bPleamar
_c1976
300 _a382 p.
_btablas, diagr.
500 _aContiene apéndice
504 _aContiene bibliografía al final de cada capítulo
650 4 _aMETODOS DE ENSEÑANZA
650 4 _aMEJORA PEDAGOGICA
650 4 _aROL DEL DOCENTE
650 4 _aADOLESCENCIA
650 4 _aACTIVIDADES EN GRUPO
650 4 _aRELACION ALUMNO-DOCENTE
650 4 _aTECNICAS DIDACTICAS
650 4 _aENSEÑANZA AUDIOVISUAL
650 4 _aMOTIVACION DEL ALUMNO
650 4 _aEVALUACION DEL ALUMNO
653 _aEDUCACION SECUNDARIA
653 _aPROCESO DE ENSEÑANZA-APRENDIZAJE
700 1 _aCarr, John C.
700 1 _aFitch, Robert M.
700 1 _aUribe, Ana María
_etraductor
942 _cBK
998 _csilvi
999 _c5310
_d5310